000 00862cam a22002294a 4500
001 e 10001176
003 DLC
005 20260227111153.0
008 990524s1896 fr b 000 0 fre
010 _ae 10001176
040 _aDLC
_cDLC
042 _apcc
043 _ae-fr---
050 0 0 _aLC2095
_b. S44 1896
100 1 _aSée, Camille,
_d1847-1919.
245 1 0 _aLycées et collèges de jeunes filles :
_bdocuments, rapports et discours à la Chambre des députés et au Sénat : décrets, arrêtés, circulaires, etc., tableau du personnel des lycées et collèges par ordre d'ancienneté, avec carte figurative, préface et avant-propos /
_cpar Camille Sée.
246 3 0 _aLycées et collèges
250 _a6. éd.
260 _aParis :
_bL. Cerf,
_c1896.
300 _axxxv, 788 p. :
_bcol. map ;
_c23 cm.
650 0 _aWomen
_xEducation
_zFrance.
999 _c19007
_d19007